000 00347nam a2200133Ia 4500
005 20260328104331.0
008 260328s9999||||xx |||||||||||||| ||und||
100 _aDeupi, Victor
245 0 _aCuban Modernism :
_b Mid-Century Architecture 1940-1970. /
_cVictor Deupi
260 _bBirkhäuser
300 _a342 p.
650 _aCUBA
942 _cBK
999 _c11729
_d11729